US Cities With the Most Fast Food Restaurants per Capita - Statistics

General Stats
  • This quiz has been taken 92 times
  • The average score is 5 of 10
Answer Stats
# per 10k people City % Correct
11.9 Miami
88%
11.3 Atlanta
75%
18.4 Orlando
70%
13.1 Las Vegas
54%
8.2 Cleveland
53%
11.9 St. Louis
49%
13.2 Cincinnati
40%
9.8 Minneapolis
36%
9.7 St. Paul
13%
8.2 Tucson
11%
No matching quizzes found
Score Distribution
Percent of People with Each Score
Percentile by Number Answered
Your Score History
You have not taken this quiz